|
|
|
|
| LEADER |
00000naa0a2200000 4500 |
| 001 |
656434 |
| 005 |
20250620141522.0 |
| 035 |
|
|
|a (RuTPU)RU\TPU\network\22875
|
| 090 |
|
|
|a 656434
|
| 100 |
|
|
|a 20171113d2017 k y0rusy50 ca
|
| 101 |
0 |
|
|a rus
|
| 102 |
|
|
|a RU
|
| 135 |
|
|
|a drcn ---uucaa
|
| 181 |
|
0 |
|a i
|
| 182 |
|
0 |
|a b
|
| 200 |
1 |
|
|a Подход комплексирования обработки сенсорной информации в многосенсорных системах при проектировании робототехнических комплексов
|f Р. А. Багутдинов
|
| 203 |
|
|
|a Текст
|c электронный
|
| 300 |
|
|
|a Заглавие с экрана
|
| 320 |
|
|
|a [Библиогр.: с. 6 (4 назв.)]
|
| 330 |
|
|
|a Актуальной задачей в современной разработке роботов является решение проблемы создания новых, усовершенствованных систем, алгоритмов, методов, подходов и принципов пространственной навигации роботов. В данной работе автор затрагивает некоторые аспекты в разработке роботов как особенность решения робототехнических задач, обеспечивающих эффективную поддержку всех режимов функционирования СТЗ. Применяемые подходы и текстовые выкладки выдвигаются на основе методов распознавания образов, дискретных преобразований, цифровой обработки изображений и системного анализа. В работе представлен подход комплексирования обработки сенсорной информации в многосенсорных системах в решении задач проектирования робототехнических комплексов. Результаты исследования будут полезны в различных системах мониторинга, системах модернизации управления, мультисенсорной обработки информации, при разработке робототехнических комплексов и систем.
|
| 463 |
|
|
|t Наукоемкие технологии и интеллектуальные системы
|o сборник статей Международной научно-практической конференции, Омск, 12 сентября 2017
|v [С. 4-6]
|d 2017
|
| 610 |
1 |
|
|a электронный ресурс
|
| 610 |
1 |
|
|a труды учёных ТПУ
|
| 610 |
1 |
|
|a мультисенсорные системы
|
| 610 |
1 |
|
|a робототехнические комплексы
|
| 610 |
1 |
|
|a разработки
|
| 610 |
1 |
|
|a роботы
|
| 610 |
1 |
|
|a машинное зрение
|
| 610 |
1 |
|
|a разнородные критерии
|
| 610 |
1 |
|
|a обработка
|
| 700 |
|
1 |
|a Багутдинов
|b Р. А.
|c специалист в области инженерной графики и начертательной геометрии
|c ассистент кафедры Томского политехнического университета
|f 1985-
|g Равиль Анатольевич
|3 (RuTPU)RU\TPU\pers\36360
|
| 712 |
0 |
2 |
|a Национальный исследовательский Томский политехнический университет (ТПУ)
|b Институт кибернетики (ИК)
|b Кафедра инженерной графики и промышленного дизайна (ИГПД)
|3 (RuTPU)RU\TPU\col\18737
|
| 801 |
|
0 |
|a RU
|b 63413507
|c 20171113
|g RCR
|
| 850 |
|
|
|a 63413507
|
| 856 |
4 |
|
|u https://os-russia.com/SBORNIKI/KON-TT-32.pdf#page=4
|
| 942 |
|
|
|c CF
|